Cơ học : Giáo trình dành cho sinh viên các trường Đại học khối kỹ thuật - công nghệ

Nội dung tài liệu giới thiệu vài nét về cơ học cổ điển, cùng đơn vị và thứ nguyên của các đại lượng vật lý. Trình bày ngắn gọn, kết hợp với các thí nghiệm mô phỏng về động học chất điểm, động lực học chất điểm, lý thuyết tươn...

Cijeli opis

Spremljeno u:
Bibliografski detalji
Glavni autor: Phan Hồng Liên
Format: Knjiga
Jezik:Vietnamese
Izdano: H. Khoa học và Kỹ thuật 2011
Teme:
Oznake: Dodaj oznaku
Bez oznaka, Budi prvi tko označuje ovaj zapis!
Thư viện lưu trữ: Thư viện Trường Đại học Nam Cần Thơ
LEADER 01657aam a22002178a 4500
001 NCT_4995
008 111014s2011 ||||||viesd
999 |c 253  |d 253 
020 |c 75000 
082 0 4 |2 23rd ed.  |a 531  |b L305 
100 1 |a Phan Hồng Liên 
245 1 0 |a Cơ học :  |b Giáo trình dành cho sinh viên các trường Đại học khối kỹ thuật - công nghệ  |c Phan Hồng Liên 
260 |a H.  |b Khoa học và Kỹ thuật  |c 2011 
300 |a 204tr.  |b minh hoạ  |c 27cm 
520 3 |a Nội dung tài liệu giới thiệu vài nét về cơ học cổ điển, cùng đơn vị và thứ nguyên của các đại lượng vật lý. Trình bày ngắn gọn, kết hợp với các thí nghiệm mô phỏng về động học chất điểm, động lực học chất điểm, lý thuyết tương đối, động lực học hệ chất điểm chuyển động của vật rắn, công và năng lượng, trường hấp dẫn 
655 7 |a Giáo trình 
942 |2 ddc  |c BK 
952 |0 0  |1 0  |2 ddc  |4 0  |6 531_000000000000000_L305  |7 0  |9 1607  |a 000001  |b 000001  |d 2017-10-18  |o 531 L305  |p MD.01531  |r 2017-10-18  |v 75000.00  |w 2017-10-18  |y BK 
952 |0 0  |1 0  |2 ddc  |4 0  |6 531_000000000000000_L305  |7 0  |9 1608  |a 000001  |b 000001  |d 2017-10-18  |l 1  |o 531 L305  |p MD.01532  |r 2019-06-19  |s 2019-06-17  |v 75000.00  |w 2017-10-18  |y BK 
952 |0 0  |1 0  |2 ddc  |4 0  |6 531_000000000000000_L305  |7 0  |9 1609  |a 000001  |b 000001  |d 2017-10-18  |l 1  |o 531 L305  |p MD.01533  |r 2019-03-14  |s 2019-02-28  |v 75000.00  |w 2017-10-18  |y BK 
980 |a Thư viện Trường Đại học Nam Cần Thơ